| 000 | 00320nam a2200121Ia 4500 | ||
|---|---|---|---|
| 008 | 190216s9999||||xx |||||||||||||| ||und|| | ||
| 100 | _aKlimanoor N Viswambharan | ||
| 245 | 0 | _aKeralathile Naadanpaattukal | |
| 260 |
_bSahithya Pravarthaka Sahakarana Sangam _c1967 |
||
| 300 | _a172p | ||
| 650 | _aKavithkal | ||
| 942 | _cBK | ||
| 999 |
_c24521 _d24521 |
||